[Event "2. ODEM U25 2005"]
[Site "Willingen GER"]
[Date "2005.05.21"]
[Round "9"]
[White "Vandenbergen, Nicolas"]
[Black "Banik, Thorsten"]
[Result "1/2-1/2"]
[Termination "normal"]
[Board "1"]
[WhiteElo "2057"]
[BlackElo "2107"]
[PlyCount "67"]
[BlackFideId "4659376"]
[EventCountry "GER"]
[EventRounds "9"]
[EventType "swiss"]
[EventDate "2005.05.15"]

1. Nc3 d5 2. e4 d4 3. Nce2 c5 4. Ng3 Nc6 5. Bc4 e5 6. Nf3 Be6 7. Bxe6 fxe6 8.
O-O Nf6 9. Qe2 d3 10. cxd3 Nd4 11. Qd1 Nxf3+ 12. Qxf3 Qd6 13. d4 Qxd4 14. Qb3
Qd7 15. d3 Bd6 16. Be3 b6 17. a4 O-O 18. a5 Bc7 19. h3 Rfd8 20. Rfc1 Ne8 21.
Ne2 h6 22. f4 Qxd3 23. Qxd3 Rxd3 24. axb6 Rxe3 25. Rxa7 Rc8 26. bxc7 Rxe2 27.
Rxc5 Rxb2 28. Rxe5 Rxc7 29. Ra8 Re7 30. f5 Rbb7 31. Kf2 exf5 32. Rxe8+ Rxe8 33.
Rxe8+ Kf7 34. Re5 1/2-1/2

[Event "2. ODEM U25 2005"]
[Site "Willingen GER"]
[Date "2005.05.21"]
[Round "9"]
[White "Bietz, Fabian"]
[Black "Schinkowski, Christoph"]
[Result "0-1"]
[Termination "normal"]
[Board "2"]
[WhiteElo "2028"]
[BlackElo "2193"]
[PlyCount "108"]
[WhiteFideId "24625930"]
[BlackFideId "4686632"]
[EventCountry "GER"]
[EventRounds "9"]
[EventType "swiss"]
[EventDate "2005.05.15"]

1. f4 g6 2. e4 Bg7 3. Nf3 c5 4. Bc4 e6 5. Nc3 Nc6 6. O-O Nge7 7. e5 d5 8. exd6
Nf5 9. Bb5 Qxd6 10. d3 a6 11. Ne4 Qc7 12. Bxc6+ Qxc6 13. Kh1 O-O 14. Qe2 b5 15.
Rb1 Bb7 16. Ne5 Qc7 17. b3 Rac8 18. Bb2 f6 19. Ng4 Nd4 20. Bxd4 cxd4 21. Nexf6+
Bxf6 22. Qxe6+ Kg7 23. Nxf6 Rxf6 24. Qg4 Qc6 25. Rf2 Re8 26. Rbf1 Qd5 27. h3
Qf5 28. Qxf5 gxf5 29. Kh2 Re3 30. Rc1 Rfe6 31. Rd1 h5 32. Kg1 Re1+ 33. Rxe1
Rxe1+ 34. Rf1 Re3 35. h4 Kf6 36. Kf2 Re8 37. g3 Rc8 38. Rc1 Bd5 39. Ke2 Re8+
40. Kd2 Re3 41. Rg1 a5 42. a3 a4 43. b4 Re7 44. Re1 Rg7 45. Rg1 Rc7 46. Ra1 Rc3
47. Kd1 Ke6 48. Kd2 Kd6 49. Kd1 Bb3 50. cxb3 Rxd3+ 51. Ke2 Rxb3 52. Kf2 Kd5 53.
Ra2 Kc4 54. Rc2+ Rc3 0-1

[Event "2. ODEM U25 2005"]
[Site "Willingen GER"]
[Date "2005.05.21"]
[Round "9"]
[White "Sieker, Roland"]
[Black "Lantzsch, Christian"]
[Result "0-1"]
[Termination "normal"]
[Board "3"]
[WhiteElo "1895"]
[BlackElo "2141"]
[PlyCount "104"]
[WhiteFideId "24600261"]
[BlackFideId "4659821"]
[EventCountry "GER"]
[EventRounds "9"]
[EventType "swiss"]
[EventDate "2005.05.15"]

1. e4 c5 2. Nf3 Nc6 3. d4 cxd4 4. Nxd4 Nf6 5. Nc3 e6 6. Ndb5 Bc5 7. Nd6+ Ke7 8.
Bf4 e5 9. Nf5+ Kf8 10. Be3 d6 11. Bxc5 dxc5 12. Qxd8+ Nxd8 13. Nd6 Be6 14. f3
Ne8 15. Nxe8 Kxe8 16. Nb5 Ke7 17. O-O-O Nc6 18. Nc7 Rad8 19. Nxe6 Rxd1+ 20.
Kxd1 fxe6 21. c3 a6 22. Kc2 Rf8 23. Be2 Rf6 24. Rd1 Rh6 25. h3 Rg6 26. Bf1 Rf6
27. a3 Rf8 28. b4 cxb4 29. axb4 Rc8 30. Kb3 Nb8 31. Be2 Nd7 32. Bf1 Nf6 33. Be2
h5 34. Rd2 g5 35. Ra2 g4 36. hxg4 hxg4 37. c4 gxf3 38. gxf3 Nh5 39. Bd1 Rd8 40.
Rh2 Rxd1 41. Rxh5 Rd3+ 42. Kc2 Rxf3 43. Rxe5 Kd6 44. Rh5 Re3 45. Rh7 Kc6 46.
Rh4 b6 47. Rg4 Kd6 48. Rh4 Ke5 49. c5 bxc5 50. bxc5 Kd4 51. Rh6 Rxe4 52. c6 Kd5
0-1

[Event "2. ODEM U25 2005"]
[Site "Willingen GER"]
[Date "2005.05.21"]
[Round "9"]
[White "Stuhl, Alexander"]
[Black "Gölz, Daniel"]
[Result "0-1"]
[Termination "normal"]
[Board "4"]
[WhiteElo "2071"]
[BlackElo "1809"]
[PlyCount "78"]
[WhiteFideId "24601373"]
[BlackFideId "24626325"]
[EventCountry "GER"]
[EventRounds "9"]
[EventType "swiss"]
[EventDate "2005.05.15"]

1. e4 c5 2. Nf3 Nc6 3. d4 cxd4 4. Nxd4 Nf6 5. Nc3 e5 6. Ndb5 d6 7. Bg5 h6 8.
Na3 Be6 9. Nc4 Rc8 10. Ne3 Be7 11. Bxf6 Bxf6 12. Ncd5 Bxd5 13. Nxd5 O-O 14. c3
Bg5 15. Be2 Ne7 16. O-O Nxd5 17. Qxd5 Qe7 18. Rfd1 Rfd8 19. a4 Rc5 20. Qd3 f5
21. Bf3 d5 22. exd5 e4 23. Qd4 exf3 24. b4 Rcxd5 25. Qxd5+ Rxd5 26. Rxd5 Qe4
27. Rd4 Qc6 28. Rd3 fxg2 29. Re1 f4 30. f3 Bh4 31. Re2 Qxa4 32. Kxg2 Qb5 33.
Rdd2 Bf6 34. Rc2 Bxc3 35. Re4 Qd3 36. Rce2 Bxb4 37. Re8+ Kh7 38. R8e4 Bd6 39.
Rb2 b5 0-1

[Event "2. ODEM U25 2005"]
[Site "Willingen GER"]
[Date "2005.05.21"]
[Round "9"]
[White "Neidlinger, Markus"]
[Black "Dahmen, Christoph"]
[Result "0-1"]
[Termination "normal"]
[Board "5"]
[WhiteElo "2110"]
[BlackElo "2050"]
[PlyCount "79"]
[WhiteFideId "4697839"]
[BlackFideId "4692160"]
[EventCountry "GER"]
[EventRounds "9"]
[EventType "swiss"]
[EventDate "2005.05.15"]

1. e4 c5 2. Nf3 Nc6 3. d4 cxd4 4. Nxd4 g6 5. Be3 Bg7 6. Nc3 Nf6 7. Bc4 Qa5 8.
O-O O-O 9. a3 d6 10. h3 Bd7 11. Nb3 Qc7 12. f4 Rac8 13. Bd3 Be6 14. Nd2 d5 15.
Nb5 Qd8 16. e5 Nd7 17. Nf3 a6 18. Nbd4 Nxd4 19. Nxd4 Nc5 20. f5 Nxd3 21. fxe6
Nxe5 22. exf7+ Rxf7 23. Ne6 Rxf1+ 24. Qxf1 Qd6 25. Nxg7 Kxg7 26. Re1 Nc6 27. c3
e5 28. Qf2 Ne7 29. g4 Ng8 30. Qg3 Rd8 31. Bg5 e4 32. Bf4 Qe6 33. Rf1 Re8 34.
Be3 h6 35. Bd4+ Kh7 36. Qf4 Re7 37. Be3 g5 38. Qf8 Kg6 39. Rf5 Nf6 40. Kg2 0-1

[Event "2. ODEM U25 2005"]
[Site "Willingen GER"]
[Date "2005.05.21"]
[Round "9"]
[White "Patzer, Stefan"]
[Black "Krensing, Jan"]
[Result "1/2-1/2"]
[Termination "normal"]
[Board "6"]
[WhiteElo "1997"]
[BlackElo "2233"]
[PlyCount "54"]
[WhiteFideId "24601209"]
[BlackFideId "4671694"]
[EventCountry "GER"]
[EventRounds "9"]
[EventType "swiss"]
[EventDate "2005.05.15"]

1. f4 d5 2. e3 Bf5 3. Nf3 e6 4. b3 Nf6 5. Bb2 a6 6. Be2 c5 7. O-O Nc6 8. Nh4
Be7 9. d3 h5 10. Nd2 Qc7 11. Ndf3 Bg4 12. h3 Bxf3 13. Nxf3 Bd6 14. d4 cxd4 15.
Nxd4 Bc5 16. Qc1 Nxd4 17. exd4 Bd6 18. Bd3 h4 19. Ba3 O-O-O 20. Bxd6 Qxd6 21.
f5 e5 22. dxe5 Qxe5 23. Qf4 Rde8 24. Qb4 Qe3+ 25. Kh2 Ne4 26. Bxe4 Rxe4 27. Rf3
Qd4 1/2-1/2

[Event "2. ODEM U25 2005"]
[Site "Willingen GER"]
[Date "2005.05.21"]
[Round "9"]
[White "Braun, Vitali"]
[Black "Siebarth, Marco"]
[Result "1-0"]
[Termination "normal"]
[Board "7"]
[WhiteElo "2232"]
[BlackElo "2011"]
[PlyCount "53"]
[WhiteFideId "4684915"]
[BlackFideId "24604330"]
[EventCountry "GER"]
[EventRounds "9"]
[EventType "swiss"]
[EventDate "2005.05.15"]

1. e4 e5 2. Nf3 Nf6 3. Nc3 Bb4 4. Nxe5 O-O 5. Nd3 Bxc3 6. dxc3 Nxe4 7. Be2 d5
8. O-O Bf5 9. Bf4 c6 10. Re1 Nd7 11. Bf3 Re8 12. h3 h6 13. a4 a5 14. g4 Bh7 15.
Bg2 g5 16. Be3 f5 17. f4 fxg4 18. fxg5 gxh3 19. Bxe4 dxe4 20. Qg4 Nf8 21. Nc5
hxg5 22. Rad1 h2+ 23. Kh1 Qf6 24. Rf1 Qe5 25. Bxg5 Bg6 26. Rd7 Qxc5 27. Bf6 1-0

[Event "2. ODEM U25 2005"]
[Site "Willingen GER"]
[Date "2005.05.21"]
[Round "9"]
[White "Nuber, Korbinian"]
[Black "Hort, Alexej"]
[Result "1-0"]
[Termination "normal"]
[Board "8"]
[WhiteElo "2073"]
[BlackElo "2105"]
[PlyCount "87"]
[WhiteFideId "24607231"]
[BlackFideId "4678125"]
[EventCountry "GER"]
[EventRounds "9"]
[EventType "swiss"]
[EventDate "2005.05.15"]

1. e4 c5 2. Nc3 a6 3. Nf3 e6 4. g3 Nc6 5. Bg2 d6 6. O-O Nf6 7. d3 Be7 8. h3 O-O
9. Nh2 d5 10. f4 b5 11. g4 b4 12. Ne2 Bb7 13. g5 Ne8 14. h4 dxe4 15. dxe4 Nd6
16. Ng3 Nd4 17. Be3 Nc4 18. Bc1 Qc7 19. Rf2 Rad8 20. Qh5 f5 21. c3 g6 22. Qd1
fxe4 23. cxd4 e3 24. Rf1 Bxg2 25. Kxg2 cxd4 26. Qd3 e5 27. b3 Nb6 28. fxe5 Qxe5
29. Qe4 Qxe4+ 30. Nxe4 Rc8 31. Rxf8+ Bxf8 32. Nf6+ Kg7 33. Kf3 Rc2 34. Nhg4 Bc5
35. Ne4 Nd5 36. Nxc5 Rxc5 37. Ke4 Nc3+ 38. Kxd4 e2 39. Bd2 Rc8 40. Nf6 Rc6 41.
Ke3 Re6+ 42. Kf2 a5 43. Ke1 h6 44. a3 1-0

[Event "2. ODEM U25 2005"]
[Site "Willingen GER"]
[Date "2005.05.21"]
[Round "9"]
[White "Zentgraf, Robert"]
[Black "Herzog, Matthias"]
[Result "0-1"]
[Termination "normal"]
[Board "9"]
[WhiteElo "2082"]
[BlackElo "2035"]
[PlyCount "70"]
[WhiteFideId "4676483"]
[BlackFideId "4698541"]
[EventCountry "GER"]
[EventRounds "9"]
[EventType "swiss"]
[EventDate "2005.05.15"]

1. e4 c5 2. Nf3 Nc6 3. d4 cxd4 4. Nxd4 Nf6 5. Nc3 e5 6. Ndb5 d6 7. Bg5 a6 8.
Na3 b5 9. Nd5 Be7 10. Bxf6 Bxf6 11. c3 O-O 12. Nc2 Bg5 13. a4 bxa4 14. Rxa4 a5
15. Nce3 Kh8 16. h4 Bh6 17. Nf5 Bxf5 18. exf5 Ne7 19. Nxe7 Qxe7 20. Qa1 Qb7 21.
Bd3 Rfe8 22. O-O e4 23. Be2 Qd5 24. Rd1 Qxf5 25. b4 Qf6 26. c4 Qxh4 27. Rxa5
Rxa5 28. Qxa5 e3 29. Qh5 Qxf2+ 30. Kh1 Re4 31. g4 Qxe2 32. Ra1 Qf3+ 33. Kh2
Bf4+ 34. Kg1 Qf2+ 35. Kh1 Re8 0-1

[Event "2. ODEM U25 2005"]
[Site "Willingen GER"]
[Date "2005.05.21"]
[Round "9"]
[White "Simon, Eric"]
[Black "Röber, Jürgen"]
[Result "1-0"]
[Termination "normal"]
[Board "10"]
[WhiteElo "1896"]
[BlackElo "2040"]
[PlyCount "63"]
[BlackFideId "4697090"]
[EventCountry "GER"]
[EventRounds "9"]
[EventType "swiss"]
[EventDate "2005.05.15"]

1. d4 Nf6 2. c4 e5 3. dxe5 Ng4 4. e3 Nxe5 5. Nh3 Nbc6 6. Be2 Bc5 7. Nc3 O-O 8.
Nf4 Bb4 9. Bd2 Bxc3 10. Bxc3 Ng6 11. Nh5 f6 12. O-O d6 13. Nf4 Nxf4 14. exf4
Be6 15. Qc2 Kh8 16. Rfe1 Re8 17. Bd3 Bg8 18. Rxe8 Qxe8 19. Re1 Qf7 20. Re3 Rf8
21. Rh3 h6 22. g4 Qd7 23. Rh4 a5 24. a3 d5 25. cxd5 Qxd5 26. Be4 Qb3 27. g5
Qxc2 28. Bxc2 Ne7 29. gxf6 gxf6 30. Rxh6+ Kg7 31. Rh3 Be6 32. Rh7+ 1-0

[Event "2. ODEM U25 2005"]
[Site "Willingen GER"]
[Date "2005.05.21"]
[Round "9"]
[White "Roitzsch, Philipp"]
[Black "Bigalke, Tobias"]
[Result "0-1"]
[Termination "normal"]
[Board "11"]
[WhiteElo "1830"]
[BlackElo "2009"]
[PlyCount "60"]
[WhiteFideId "24635529"]
[BlackFideId "4698282"]
[EventCountry "GER"]
[EventRounds "9"]
[EventType "swiss"]
[EventDate "2005.05.15"]

1. e4 e6 2. c4 c5 3. Nc3 Nc6 4. Nf3 g6 5. d3 Bg7 6. Be2 Nge7 7. Bf4 d6 8. O-O
O-O 9. Qd2 e5 10. Bg5 f6 11. Bh6 Rf7 12. h3 Be6 13. Nh2 Qf8 14. Bxg7 Qxg7 15.
Nb5 Rd8 16. Nc7 Bc8 17. Ng4 g5 18. Ne3 Ng6 19. Ncd5 Nf4 20. Bg4 Nd4 21. Nf5
Bxf5 22. exf5 Nxd5 23. cxd5 Re7 24. g3 Kh8 25. Kg2 Rg8 26. Rh1 Qf7 27. h4 Qxd5+
28. f3 Reg7 29. Kf2 gxh4 30. Rxh4 Rxg4 0-1

[Event "2. ODEM U25 2005"]
[Site "Willingen GER"]
[Date "2005.05.21"]
[Round "9"]
[White "Beckmann, Emanuel"]
[Black "Zayadeh, Raphael"]
[Result "1/2-1/2"]
[Termination "normal"]
[Board "12"]
[WhiteElo "1964"]
[BlackElo "1928"]
[PlyCount "67"]
[WhiteFideId "24608025"]
[EventCountry "GER"]
[EventRounds "9"]
[EventType "swiss"]
[EventDate "2005.05.15"]

1. e4 c5 2. Nf3 e6 3. d4 cxd4 4. Nxd4 Nf6 5. Nc3 Nc6 6. Bg5 h6 7. Bh4 Bb4 8.
Nxc6 bxc6 9. Qf3 Be7 10. e5 Nd5 11. Bxe7 Qxe7 12. Be2 Qg5 13. Qg3 Qxg3 14. hxg3
Nxc3 15. bxc3 Rb8 16. Rh4 f6 17. exf6 gxf6 18. Kd2 Ke7 19. Rah1 Bb7 20. Rxh6
Rxh6 21. Rxh6 c5 22. Bb5 Rd8 23. Ke3 f5 24. f3 Kd6 25. Rg6 Rb8 26. Bd3 Bc6 27.
Bxf5 Rb2 28. f4 Rxa2 29. Bd3 a5 30. f5 Rb2 31. f6 Rb8 32. Bc4 a4 33. Ba2 a3 34.
g4 1/2-1/2

[Event "2. ODEM U25 2005"]
[Site "Willingen GER"]
[Date "2005.05.21"]
[Round "9"]
[White "Reiske, Anne"]
[Black "Sonntag, Hermann"]
[Result "0-1"]
[Termination "normal"]
[Board "13"]
[WhiteElo "1719"]
[BlackElo "2016"]
[PlyCount "112"]
[WhiteFideId "24635472"]
[BlackFideId "4695925"]
[EventCountry "GER"]
[EventRounds "9"]
[EventType "swiss"]
[EventDate "2005.05.15"]

1. e4 e6 2. d4 d5 3. e5 c5 4. c3 Qb6 5. Bd3 Nc6 6. Nf3 Bd7 7. Bc2 cxd4 8. cxd4
Nb4 9. Nc3 Nxc2+ 10. Qxc2 Ne7 11. O-O Nf5 12. Be3 Be7 13. Rab1 Rc8 14. Qd2 O-O
15. h3 Rc4 16. Rfc1 Rfc8 17. Ne2 Bb4 18. Qd1 Bb5 19. g4 Nxe3 20. fxe3 Qa6 21.
a3 Ba5 22. Rxc4 Rxc4 23. Rc1 Qc6 24. Kf2 Ba4 25. b3 Rxc1 26. Nxc1 Bb5 27. b4
Bd8 28. Ne2 a6 29. Qc1 a5 30. Qxc6 bxc6 31. Nc3 axb4 32. Nxb5 cxb5 33. axb4 Be7
34. Nd2 Bxb4 35. Nb3 Kf8 36. Ke2 Ke7 37. h4 f6 38. exf6+ gxf6 39. Kf3 Be1 40.
h5 h6 41. e4 Kd6 42. Kf4 Bc3 43. Ke3 e5 44. dxe5+ Kxe5 45. exd5 Kxd5 46. Kd3 b4
47. Ke3 Kc4 48. Na5+ Kb5 49. Nb3 Ka4 50. Nc1 b3 51. Ne2 Be5 52. Kd2 Ka3 53. Kc1
Ka2 54. Kd2 b2 55. Nc1+ bxc1=Q+ 56. Kxc1 Kb3 0-1

[Event "2. ODEM U25 2005"]
[Site "Willingen GER"]
[Date "2005.05.21"]
[Round "9"]
[White "Eidner, Falk"]
[Black "Kesten, Sebastian"]
[Result "0-1"]
[Termination "normal"]
[Board "14"]
[WhiteElo "1729"]
[BlackElo "1978"]
[PlyCount "100"]
[WhiteFideId "24634557"]
[BlackFideId "24616214"]
[EventCountry "GER"]
[EventRounds "9"]
[EventType "swiss"]
[EventDate "2005.05.15"]

1. e4 c5 2. Nf3 Nc6 3. d4 cxd4 4. Nxd4 Nf6 5. Nc3 g6 6. Be3 Bg7 7. Bc4 O-O 8.
Bb3 d6 9. f3 Bd7 10. Qd2 Rc8 11. O-O-O Ne5 12. Bh6 Nc4 13. Bxc4 Rxc4 14. Bxg7
Kxg7 15. h4 h5 16. Kb1 Qa5 17. Nde2 Rfc8 18. Nd5 Qxd2 19. Rxd2 Nxd5 20. exd5
R8c5 21. c3 Rc7 22. Ng3 b5 23. a3 a5 24. Ne4 Bf5 25. Re1 b4 26. cxb4 axb4 27.
axb4 Rxb4 28. Ree2 Rcc4 29. Rd3 Bxe4 30. fxe4 Rxe4 31. Rxe4 Rxe4 32. g3 Kf6 33.
Kc2 Ke5 34. Kc3 e6 35. dxe6 fxe6 36. b4 d5 37. Kb3 Kd6 38. Ka4 d4 39. Kb5 Kd5
40. Kb6 Re3 41. Rd1 Rb3 42. b5 e5 43. Ka6 Ra3+ 44. Kb7 e4 45. b6 Rb3 46. Kc7 e3
47. b7 e2 48. Rc1 d3 49. b8=Q Rxb8 50. Kxb8 d2 0-1

[Event "2. ODEM U25 2005"]
[Site "Willingen GER"]
[Date "2005.05.21"]
[Round "9"]
[White "Jähn, Michael"]
[Black "Schwenke, Vincent"]
[Result "1/2-1/2"]
[Termination "normal"]
[Board "15"]
[WhiteElo "1977"]
[BlackElo "1711"]
[PlyCount "85"]
[WhiteFideId "24623466"]
[BlackFideId "24620467"]
[EventCountry "GER"]
[EventRounds "9"]
[EventType "swiss"]
[EventDate "2005.05.15"]

1. d4 f5 2. c4 Nf6 3. g3 g6 4. Bg2 Bg7 5. Nc3 O-O 6. Nf3 d6 7. O-O Nc6 8. d5
Ne5 9. Qb3 Nfd7 10. Nxe5 Bxe5 11. f4 Bg7 12. Be3 b6 13. Qc2 a5 14. Bf2 Nf6 15.
e4 fxe4 16. Nxe4 Bf5 17. Rae1 Rc8 18. Nxf6+ exf6 19. Be4 Bh3 20. Bg2 Bf5 21.
Qd2 Qd7 22. Bd4 Rce8 23. b3 Rxe1 24. Rxe1 Re8 25. Kf2 Rxe1 26. Qxe1 Kf7 27. Be4
Bxe4 28. Qxe4 Qh3 29. Qg2 Qxg2+ 30. Kxg2 f5 31. Bxg7 Kxg7 32. Kf3 Kf6 33. h3 h5
34. h4 Ke7 35. Ke3 Kd8 36. Kd4 Kc8 37. a3 Kb7 38. b4 axb4 39. axb4 Ka6 40. Kc3
Kb7 41. Kb3 Ka7 42. Ka4 Ka6 43. b5+ 1/2-1/2

[Event "2. ODEM U25 2005"]
[Site "Willingen GER"]
[Date "2005.05.21"]
[Round "9"]
[White "Tschlatscher, Thomas"]
[Black "Mazarov, Jürgen"]
[Result "0-1"]
[Termination "normal"]
[Board "16"]
[WhiteElo "1652"]
[BlackElo "1958"]
[PlyCount "48"]
[WhiteFideId "24635863"]
[BlackFideId "24617768"]
[EventCountry "GER"]
[EventRounds "9"]
[EventType "swiss"]
[EventDate "2005.05.15"]

1. c4 e6 2. Nc3 d5 3. d4 c5 4. cxd5 exd5 5. dxc5 d4 6. Ne4 Bxc5 7. Nxc5 Qa5+ 8.
Bd2 Qxc5 9. Rc1 Qf5 10. Nf3 Nc6 11. Qb3 Nf6 12. e3 O-O 13. Nxd4 Nxd4 14. exd4
Re8+ 15. Be3 Ng4 16. Be2 Nxe3 17. fxe3 Be6 18. Qd3 Qg5 19. Bf3 Bf5 20. Be4 Bxe4
21. Qd2 Bxg2 22. Rg1 Rxe3+ 23. Kd1 Bf3+ 24. Kc2 Qf5+ 0-1

[Event "2. ODEM U25 2005"]
[Site "Willingen GER"]
[Date "2005.05.21"]
[Round "9"]
[White "Kühner, Christian"]
[Black "Rosenblatt, Marcus"]
[Result "1-0"]
[Termination "normal"]
[Board "17"]
[WhiteElo "2150"]
[BlackElo "1852"]
[PlyCount "81"]
[WhiteFideId "4679440"]
[BlackFideId "24627453"]
[EventCountry "GER"]
[EventRounds "9"]
[EventType "swiss"]
[EventDate "2005.05.15"]

1. c4 Nf6 2. Nc3 g6 3. g3 Bg7 4. Bg2 d6 5. e4 c5 6. Nge2 O-O 7. d3 Nbd7 8. O-O
a6 9. a3 Rb8 10. Rb1 b5 11. cxb5 axb5 12. b4 Ba6 13. h3 e6 14. f4 Qc7 15. Bb2
Nb6 16. Qd2 Rfd8 17. Kh2 Qe7 18. g4 c4 19. d4 Ne8 20. f5 d5 21. e5 f6 22. exf6
Bxf6 23. fxe6 Qxe6 24. Rbe1 Qd6+ 25. Qf4 Qxf4+ 26. Nxf4 Nc7 27. Nxg6 Kg7 28.
Ne7 Re8 29. Ncxd5 Ncxd5 30. Nxd5 Rxe1 31. Rxe1 Nxd5 32. Bxd5 Rd8 33. Bg2 Kf7
34. Rd1 Bc8 35. Bc6 Bd7 36. Bxd7 Rxd7 37. Kg3 Rc7 38. Bc3 Ra7 39. Ra1 Ke6 40.
d5+ Kf7 41. Rf1 1-0

[Event "2. ODEM U25 2005"]
[Site "Willingen GER"]
[Date "2005.05.21"]
[Round "9"]
[White "Linsenmeyer, Mario"]
[Black "Leisner, Hannes"]
[Result "1-0"]
[Termination "normal"]
[Board "18"]
[WhiteElo "1850"]
[BlackElo "2022"]
[PlyCount "51"]
[WhiteFideId "24635138"]
[BlackFideId "4692705"]
[EventCountry "GER"]
[EventRounds "9"]
[EventType "swiss"]
[EventDate "2005.05.15"]

1. e4 c5 2. Nf3 e6 3. d4 cxd4 4. Nxd4 a6 5. Bd3 Nf6 6. O-O d6 7. Qe2 Nbd7 8. c4
b6 9. b3 Bb7 10. Nc3 Qc7 11. Bb2 Rc8 12. Rae1 Qb8 13. Kh1 h5 14. f4 g6 15. Nf3
Bg7 16. Ng5 h4 17. e5 dxe5 18. fxe5 h3 19. Kg1 hxg2 20. Rf2 Rxh2 21. Kxh2 Nxe5
22. Kg1 Nxd3 23. Qxd3 Ng4 24. Rxe6+ Kf8 25. Rxf7+ Kg8 26. Rxg7+ 1-0

[Event "2. ODEM U25 2005"]
[Site "Willingen GER"]
[Date "2005.05.21"]
[Round "9"]
[White "Rafiee, Makan"]
[Black "Willems, Sebastian"]
[Result "1-0"]
[Termination "normal"]
[Board "19"]
[WhiteElo "1992"]
[BlackElo "1786"]
[PlyCount "81"]
[WhiteFideId "24609340"]
[EventCountry "GER"]
[EventRounds "9"]
[EventType "swiss"]
[EventDate "2005.05.15"]

1. e4 d5 2. exd5 Nf6 3. d4 Bg4 4. Nf3 Qxd5 5. Be2 Nc6 6. O-O O-O-O 7. c4 Qf5 8.
Be3 e6 9. h3 Bh5 10. Qa4 a6 11. Rd1 g5 12. a3 g4 13. Nh4 Qa5 14. Qxa5 Nxa5 15.
Bg5 Be7 16. hxg4 Rhg8 17. gxh5 Rxg5 18. Nf3 Rf5 19. b4 Nc6 20. Nc3 Rg8 21. b5
Nb8 22. Ne5 Nxh5 23. Bxh5 Rxh5 24. Nxf7 Rg7 25. Ne5 Bd6 26. Re1 Rhg5 27. g3 Nd7
28. Nxd7 Kxd7 29. Ne4 Rf5 30. bxa6 bxa6 31. Nxd6 Kxd6 32. Re4 Rgf7 33. f4 Ra5
34. Re3 Rf6 35. a4 h6 36. Re5 Rf5 37. c5+ Kd7 38. Rxf5 exf5 39. Kf2 Kc6 40. Ke3
Kd5 41. Kd3 1-0

[Event "2. ODEM U25 2005"]
[Site "Willingen GER"]
[Date "2005.05.21"]
[Round "9"]
[White "Dorn, Matthias"]
[Black "Schneider, Christian"]
[Result "0-1"]
[Termination "normal"]
[Board "20"]
[WhiteElo "1728"]
[BlackElo "1992"]
[PlyCount "82"]
[WhiteFideId "24600695"]
[BlackFideId "24613886"]
[EventCountry "GER"]
[EventRounds "9"]
[EventType "swiss"]
[EventDate "2005.05.15"]

1. d4 d5 2. c4 e6 3. Nc3 Nf6 4. cxd5 exd5 5. Bg5 Be7 6. e3 O-O 7. Bd3 c6 8. Qc2
h6 9. Bh4 Nbd7 10. Nge2 Re8 11. O-O Ne4 12. Bxe7 Qxe7 13. Rfe1 Ndf6 14. f3 Nxc3
15. Nxc3 Qd6 16. Rad1 Bd7 17. Qf2 Rad8 18. Bb1 Bc8 19. e4 dxe4 20. fxe4 Ng4 21.
Qh4 Qb4 22. e5 Rxd4 23. Ne4 Rxd1 24. Rxd1 Qxb2 25. h3 Nxe5 26. Nd6 Qe2 27. Rf1
Rf8 28. Re1 Qb2 29. Qe4 Ng6 30. Nxf7 Rxf7 31. Qxg6 Qf2+ 32. Kh2 Qxe1 33. Qh7+
Kf8 34. Qd3 Qe5+ 35. Kh1 Qd5 36. Qe2 Bf5 37. Bxf5 Qxf5 38. Kh2 Qf4+ 39. Kg1 Re7
40. Qd1 Qe3+ 41. Kh2 Qe5+ 0-1

[Event "2. ODEM U25 2005"]
[Site "Willingen GER"]
[Date "2005.05.21"]
[Round "9"]
[White "Frey, Claudia"]
[Black "Szczap, Arthur"]
[Result "1-0"]
[Termination "normal"]
[Board "21"]
[WhiteElo "1911"]
[BlackElo "1660"]
[PlyCount "77"]
[WhiteFideId "24614513"]
[BlackFideId "24637394"]
[EventCountry "GER"]
[EventRounds "9"]
[EventType "swiss"]
[EventDate "2005.05.15"]

1. e4 c5 2. Nc3 Nc6 3. g3 g6 4. Bg2 Bg7 5. d3 e6 6. Be3 Nd4 7. Qd2 Ne7 8. O-O-O
Rb8 9. Bh6 O-O 10. h4 f5 11. h5 Rf7 12. hxg6 Nxg6 13. Bxg7 Rxg7 14. Nge2 b5 15.
Nxd4 cxd4 16. Ne2 fxe4 17. Bxe4 e5 18. Kb1 Bb7 19. f4 d6 20. Rdf1 Bxe4 21. dxe4
Rbb7 22. c3 Qa5 23. Qd3 dxc3 24. Nxc3 exf4 25. gxf4 b4 26. Nd5 Rbf7 27. Qc4 Qc5
28. Qb3 a5 29. Nf6+ Kh8 30. Nh5 a4 31. Qxa4 Ra7 32. Qe8+ Rg8 33. Qe6 b3 34.
Qxb3 Qd4 35. Qc2 Rb8 36. Rc1 Ne7 37. Qc3 Nc6 38. Rhd1 Qxc3 39. Rxc3 1-0

[Event "2. ODEM U25 2005"]
[Site "Willingen GER"]
[Date "2005.05.21"]
[Round "9"]
[White "Albers, Damian"]
[Black "Vintan, Cristina-Mihaela"]
[Result "1-0"]
[Termination "normal"]
[Board "23"]
[WhiteElo "1997"]
[BlackElo "1711"]
[PlyCount "91"]
[WhiteFideId "4695186"]
[EventCountry "GER"]
[EventRounds "9"]
[EventType "swiss"]
[EventDate "2005.05.15"]

1. Nc3 c5 2. Nf3 Nc6 3. e4 e5 4. Bc4 d6 5. d3 Be7 6. h3 Nd4 7. Nxd4 cxd4 8. Ne2
Be6 9. Bb5+ Bd7 10. Bxd7+ Qxd7 11. O-O Nf6 12. f4 O-O 13. c3 dxc3 14. Nxc3 exf4
15. d4 d5 16. e5 Ne4 17. Nxe4 dxe4 18. Bxf4 Qd5 19. Be3 f6 20. Qb3 Qxb3 21.
axb3 fxe5 22. dxe5 a6 23. Ra4 Rxf1+ 24. Kxf1 Rd8 25. Rxe4 Rd5 26. Ke2 Rb5 27.
Bd4 Rxb3 28. e6 Rb5 29. Rg4 Rg5 30. Rxg5 Bxg5 31. Kd3 Kf8 32. Ke4 Ke7 33. Kd5
Bf6 34. Bxf6+ gxf6 35. Kc5 Kxe6 36. Kb6 Kd5 37. Kxb7 Kc4 38. Kxa6 Kb3 39. Kb6
Kxb2 40. Kc6 Kc3 41. Kd5 Kd3 42. Ke6 Ke3 43. Kxf6 Kf2 44. h4 Kxg2 45. h5 Kg3
46. h6 1-0

[Event "2. ODEM U25 2005"]
[Site "Willingen GER"]
[Date "2005.05.21"]
[Round "9"]
[White "Beck, Patrick"]
[Black "Katte, Nicolas"]
[Result "1/2-1/2"]
[Termination "normal"]
[Board "24"]
[WhiteElo "1719"]
[BlackElo "1946"]
[PlyCount "60"]
[WhiteFideId "24660418"]
[BlackFideId "24614149"]
[EventCountry "GER"]
[EventRounds "9"]
[EventType "swiss"]
[EventDate "2005.05.15"]

1. d4 Nf6 2. c4 g6 3. Nc3 d5 4. Nf3 Bg7 5. Bf4 c6 6. Rc1 O-O 7. e3 Bg4 8. h3
Bf5 9. Be2 Nbd7 10. O-O Be4 11. b3 Rc8 12. Qd2 a6 13. Rfd1 Re8 14. Ne5 Nxe5 15.
dxe5 Nh5 16. Bh2 Bh6 17. g4 Ng7 18. f3 Qb6 19. Kf2 dxc4 20. Na4 Qa7 21. bxc4 b5
22. Nb2 b4 23. f4 Ne6 24. g5 Bf8 25. Bg4 Rcd8 26. Qxb4 Rb8 27. Qc3 Nc5 28. Bf3
Rb6 29. Qd4 Bf5 30. Kg3 Ne6 1/2-1/2